How big data effects the travel industry

Bibliográfiai részletek
Szerző: Le Dieu Linh
További közreműködők: Kovács dr. Miklós
Dokumentumtípus: Diplomadolgozat
Kulcsszavak:Big Data
travel industry
change
Online Access:http://dolgozattar.uni-bge.hu/18361

MARC

LEADER 00000nta a2200000 i 4500
001 dolg18361
005 20190225113552.0
008 181127suuuu hu om 000 eng d
040 |a BGE Dolgozattár Repozitórium  |b hun 
041 |a en 
100 1 |a Le Dieu Linh 
245 1 0 |a How big data effects the travel industry  |c Le Dieu Linh  |h [elektronikus dokumentum] 
246 1 1 |a How big data effects the travel industry 
695 |a Big Data 
695 |a travel industry 
695 |a change 
700 1 |a Kovács dr. Miklós  |e ths 
856 4 0 |u http://dolgozattar.uni-bge.hu/18361/1/LeDieuLinh_FC7XRR_dissertation.pdf  |z Dokumentum-elérés